Santo Domingo de Guzmán
Uloženo v:
| Hlavní autor: | |
|---|---|
| Médium: | Kniha |
| Jazyk: | španělština |
| Vydáno: |
Barcelona
Juan Gili
1909
|
| Edice: | Los Santos, 4
|
| Témata: | |
| Tagy: |
Přidat tag
Žádné tagy, Buďte první, kdo vytvoří štítek k tomuto záznamu!
|
MARC
| LEADER | 00000nam a2200000 a 4500 | ||
|---|---|---|---|
| 001 | UCI4463 | ||
| 003 | CL-VaPUC | ||
| 008 | 080118e19090000SP |||||||||||||||||spa|d | ||
| 082 | 0 | 4 | |a 922.22 |b CAS |2 21 |
| 100 | 0 | |a Castaño, Raimundo |e author |9 526389 | |
| 245 | 1 | 0 | |a Santo Domingo de Guzmán |
| 300 | |a 262 p | ||
| 942 | |c BK | ||
| 945 | |d 20080118 00:00:00 |a rbrito | ||
| 260 | |a Barcelona |b Juan Gili |c 1909 | ||
| 500 | |a Donación Padres Capuchinos | ||
| 600 | 0 | 7 | |a SANTO DOMINGO DE GUZMAN |2 CL-VaPUC |9 526390 |
| 650 | 0 | |a Biografías |9 255210 | |
| 650 | 7 | |a SANTOS |2 CL-VaPUC |9 313738 | |
| 650 | 0 | |a Vida religiosa |9 257284 | |
| 583 | |a last modification |c 20080118 00:00:00 |k Rodrigo Vera | ||
| 490 | 0 | |a Los Santos, 4 | |
| 999 | |c 328405 |d 328403 | ||
| 952 | |0 0 |1 0 |4 0 |6 922_220000000000000_CAS_1909 |7 0 |8 X |9 412276 |a FDOBUD |b FDOBUD |d 2019-11-22 |i 4402049 |o 922.22 CAS 1909 |p 4402049 |r 2019-11-22 |w 2019-11-22 |y BK_X |k BUD | ||